[Event "Plovdiv Tringov Memorial 46th"]
[Site "Plovdiv"]
[Date "2024.08.15"]
[Round "6"]
[White "Yekeler, Kerem Sarp"]
[Black "Javadov, Habil"]
[Result "0-1"]
[WhiteElo "1890"]
[BlackElo "2199"]
[PlyCount "122"]
[EventDate "2024.08.11"]
[EventType "swiss"]
[EventRounds "9"]
[EventCountry "BUL"]
[SourceTitle "CBM 221 Extra"]
[Source "ChessBase"]
[SourceDate "2024.09.30"]
[SourceVersion "1"]
[SourceVersionDate "2024.09.30"]
[SourceQuality "1"]

1. d4 e6 2. c4 d5 3. Nc3 a6 4. cxd5 exd5 5. Nf3 Nf6 6. Bg5 c6 7. e3 Be6 8. Bd3 Nbd7 9. 0-0 Bd6 10. Bf4 Qc7 11. Bxd6 Qxd6 12. h3 0-0 13. Qc2 Rac8 14. Na4 c5 15. dxc5 Nxc5 16. Nxc5 Rxc5 17. Qd2 Rfc8 18. Qb4 Qc7 19. Qd4 h6 20. Rad1 Nd7 21. Rfe1 b5 22. b4 Rc6 23. a4 bxa4 24. Ra1 Nb6 25. Bxa6 Ra8 26. Bd3 Rc3 27. e4 dxe4 28. Qxe4 g6 29. Qe2 Bd5 30. Nd2 Qd6 31. b5 a3 32. Ne4 Bxe4 33. Bxe4 Re8 34. Qa2 Rc4 35. Bc6 Rxe1+ 36. Rxe1 Qb4 37. Qa1 Rc3 38. Re8+ Kh7 39. Re1 Rc2 40. Qb1 Qc5 41. Rf1 Qc4 42. Qa1 a2 43. Re1 Qf4 44. Bf3 Qd2 45. Rf1 Rb2 46. Kh2 Qc2 47. Rc1 Qb3 48. Rc7 Rb1 49. Qf6 a1Q 50. Rxf7+ Qxf7 51. Qxf7+ Qg7 52. Qe6 Qc7+ 53. g3 Rb2 54. Kg2 Rxb5 55. Be4 Qg7 56. h4 h5 57. Bd3 Rb2 58. Kg1 Na4 59. Qd5 Qf6 60. f3 Kh6 61. Qg8 Rd2 0-1

[Event "Skalica op"]
[Site "Skalica"]
[Date "2024.08.09"]
[Round "8"]
[White "Yekeler, Kerem Sarp"]
[Black "Ivekovic, Tihana"]
[Result "0-1"]
[WhiteElo "1890"]
[BlackElo "2120"]
[PlyCount "104"]
[EventDate "2024.08.03"]
[EventType "swiss"]
[EventRounds "9"]
[EventCountry "SVK"]
[SourceTitle "CBM 221 Extra"]
[Source "ChessBase"]
[SourceDate "2024.09.30"]
[SourceVersion "1"]
[SourceVersionDate "2024.09.30"]
[SourceQuality "1"]

1. d4 Nf6 2. c4 e6 3. Nc3 Bb4 4. Bd2 0-0 5. Nf3 b6 6. e3 Bb7 7. Bd3 c5 8. a3 Bxc3 9. Bxc3 cxd4 10. exd4 d5 11. b3 a5 12. a4 Ne4 13. Bb2 Nc6 14. 0-0 Nb4 15. Bxe4 dxe4 16. Ne5 f6 17. Ng4 Qd7 18. Bc3 Rad8 19. Ne3 f5 20. Bxb4 axb4 21. Nc2 f4 22. Nxb4 f3 23. Nc2 e5 24. d5 Qg4 25. Ne3 Qh4 26. Qd2 Rf6 27. h3 fxg2 28. Nxg2 Qxh3 29. Qg5 Rdf8 30. Qg3 Qh5 31. Qh4 Qf3 32. Rae1 Rg6 33. Qh2 Rh6 34. Re3 Rxh2 35. Rxf3 Rxg2+ 36. Kxg2 Rxf3 37. Rb1 Rc3 38. Kf1 Kf7 39. Ke2 Ba6 40. Kd2 Rf3 41. Ke1 h5 42. Kd2 h4 43. Re1 Rxf2+ 44. Ke3 Rf4 45. Rg1 h3 46. Rh1 Rh4 47. Rh2 Ke7 48. Kf2 Kd6 49. Kg3 g5 50. Kf2 Kc5 51. Kg3 Kb4 52. d6 Bc8 0-1

[Event "Skalica op"]
[Site "Skalica"]
[Date "2024.08.04"]
[Round "2"]
[White "Yekeler, Kerem Sarp"]
[Black "Ivanov, Mike"]
[Result "0-1"]
[WhiteElo "1890"]
[BlackElo "2364"]
[PlyCount "110"]
[EventDate "2024.08.03"]
[EventType "swiss"]
[EventRounds "9"]
[EventCountry "SVK"]
[SourceTitle "CBM 221 Extra"]
[Source "ChessBase"]
[SourceDate "2024.09.30"]
[SourceVersion "1"]
[SourceVersionDate "2024.09.30"]
[SourceQuality "1"]

1. d4 Nf6 2. Nf3 b6 3. Bg5 Bb7 4. Nbd2 g6 5. Bxf6 exf6 6. e4 Bg7 7. Bd3 0-0 8. 0-0 d5 9. c3 Nd7 10. Qc2 c5 11. exd5 Bxd5 12. Bc4 Bb7 13. Qb3 cxd4 14. cxd4 Nb8 15. Rad1 Nc6 16. Qd3 Nb4 17. Qb3 Nd5 18. Rfe1 Rc8 19. Qa3 Nf4 20. Ba6 Bxa6 21. Qxa6 Qd7 22. Rc1 Rxc1 23. Rxc1 Re8 24. Kh1 Bh6 25. Qc4 Qg4 26. Qf1 Kg7 27. a3 Qf5 28. b4 Re2 29. Rd1 Qc2 30. Kg1 Re8 31. g3 Ne2+ 32. Kg2 Bxd2 33. Rxd2 Qe4 34. Qd1 Nc3 35. Qc2 Qxc2 36. Rxc2 Nd5 37. Kg1 Kf8 38. Kg2 h5 39. Rc6 Ke7 40. Kf1 Kd7 41. Rc1 a6 42. h4 Re4 43. Re1 Re6 44. Rxe6 fxe6 45. Ke2 Kc6 46. Kd3 Kb5 47. Ne1 Ka4 48. Nc2 Kb3 49. f4 b5 50. Kd2 Kc4 51. Na1 Ne7 52. Nc2 Nf5 53. Ne1 Kxd4 54. Nd3 Nxg3 55. Nc5 Ne4+ 0-1

[Event "TUR-chT U12"]
[Site "Karaman"]
[Date "2024.04.22"]
[Round "4"]
[White "Zeyrek, Ayaz"]
[Black "Yekeler, Kerem Sarp"]
[Result "1/2-1/2"]
[WhiteElo "1741"]
[BlackElo "1765"]
[PlyCount "110"]
[EventDate "2024.04.21"]
[EventType "team-tourn"]
[EventRounds "9"]
[EventCountry "TUR"]
[SourceTitle "EXT 2025"]
[Source "ChessBase"]
[SourceDate "2024.10.14"]
[SourceVersion "1"]
[SourceVersionDate "2024.10.14"]
[SourceQuality "1"]

1. d4 Nf6 2. c4 e6 3. g3 Bb4+ 4. Bd2 Bxd2+ 5. Nxd2 d5 6. Bg2 0-0 7. Ngf3 a6 8. a4 Qe7 9. 0-0 Rd8 10. Re1 dxc4 11. Nxc4 Qb4 12. Qc2 Nc6 13. e3 Bd7 14. Nfe5 Nd5 15. Nxc6 Bxc6 16. Ne5 Be8 17. Bxd5 exd5 18. Nd3 Qe7 19. f3 f6 20. Qc5 Qd7 21. Kg2 Bf7 22. Qb4 a5 23. Qb3 b6 24. Qc3 Re8 25. b3 Re7 26. Nf4 Rae8 27. Kf2 g5 28. Ng2 h5 29. Re2 Qh3 30. Qc6 Kg7 31. Rh1 Qf5 32. Qc2 Qd7 33. Rc1 Bg6 34. Qc6 Qf5 35. Qb7 Qd7 36. Qc6 Rc8 37. Qb7 Rh8 38. h4 Qd6 39. Rc6 Qd8 40. Qa6 Rhe8 41. Re1 Re6 42. Rec1 Rxc6 43. Rxc6 Qc8 44. Qb5 Rd8 45. Rc3 Rd6 46. hxg5 fxg5 47. f4 Be4 48. Qf1 c6 49. Ne1 Rf6 50. Nf3 Bxf3 51. Kxf3 Qg4+ 52. Kg2 gxf4 53. exf4 Re6 54. Rf3 Qf5 55. Qd3 Re4 1/2-1/2